• 首页
  • 本馆介绍
  • 公告通知
  • 最新文献
  • 馆藏检索
  • 电子资源
  • 读者导购
  • 参考咨询
  • 我的图书馆
  • 登录
  • 详细信息显示
  • 放入我的书架
  • 预约/预借图书
  • 作者相关作品
  • 分类相关作品
  • 丛书相关作品
  • 出版社相关作品

书目信息

  • 表格格式
  • 工作单格式
  • 卡片格式
题名:
辐射对遗传的影响
    
 
作者: 杜布赞斯基 , 阿西莫夫 著 ;陈只 译
分册:  
出版信息: 北京   原子能出版社  1982
页数: 43页
开本: 19cm
丛书名: 原子能知识丛书
单 册:
中图分类: Q345
科图分类:
主题词: 辐射遗传效应
电子资源:
ISBN:
000 00798nam2 2200277 45
001 0182005584
005 20060802163500.96
010    @dCNY0.19
091    @a15175.359
100    @a19950601d1982 emky0chiy0121 ea
101 1  @achi@ceng
102    @aCN@b110000
105    @ay z 000yy
200 10 @a辐射对遗传的影响@Afu she dui yi chuan de ying xiang@f(美)I.阿西莫夫,(美)T.杜布赞斯基著@g陈只译
210    @a北京@c原子能出版社@d1982
215    @a43页@d19cm
225 2  @a原子能知识丛书
410  0 @120010@a原子能知识丛书
606    @a辐射遗传效应
690    @aQ345@v3
701  1 @a杜布赞斯基@Adu bu zan si ji@bT.@4著
701  1 @a阿西莫夫@Aa xi mo fu@bI.@4著
702  0 @a陈只@Achen zhi@4译
801  0 @aCN@bTSSF@c20060802
801  2 @aCN@bNLC@c20060722
905    @a10447@dQ345@e42
    
    辐射对遗传的影响/(美)I.阿西莫夫,(美)T.杜布赞斯基著/陈只译.-北京:原子能出版社,1982
    43页;19cm.-(原子能知识丛书)
    
    
    ISBN :CNY0.19
    
●
相关链接 在E读中查询图书 在五车中查询图书 在当当中查询图书 在豆瓣中查询图书


正题名:辐射对遗传的影响     索取号:Q345/42         预约/预借

序号 登录号 条形码 馆藏地/架位号 状态 备注
1 0438100   204381007   密集书库/ [索取号:Q345/42] 在馆    
2 0439540   204395403   密集书库/ [索取号:Q345/42] 在馆    
3 0439541   204395412   密集书库/ [索取号:Q345/42] 在馆    
唐山师范学院图书馆 欢迎您!
大连网信软件有限公司© 版权所有